Liczba sąsiadów państw - whammies - Statystyki

Ogólne statystyki
  • Ten quiz został rozwiązany 2 862 razy
  • Średni wynik to 14 z 20
Statystyki odpowiedzi
Państwo Sąsiedzi # sąsiadów % Poprawnych
Stany Zjednoczone Kanada, Meksyk 2
98%
Irlandia Wielka Brytania 1
92%
Japonia 0
91%
Portugalia Hiszpania 1
82%
Jemen Oman, Arabia Saudyjska 2
82%
Haiti Dominikana 1
79%
Panama Kostaryka, Kolumbia 2
79%
Meksyk Belize, Gwatemala, Stany Zjednoczone 3
77%
Madagaskar 0
69%
Chile Argentyna, Boliwia, Peru 3
68%
Papua-Nowa Gwinea Indonezja 1
65%
San Marino Włochy 1
64%
Nepal Chiny, Indie 2
59%
Estonia Łotwa, Rosja 2
59%
Tunezja Algieria, Libia 2
55%
Korea Południowa Korea Północna 1
54%
Wietnam Kambodża, Chiny, Laos 3
50%
Belgia Francja, Niemcy, Luksemburg, Holandia 4
49%
Grecja Albania, Bułgaria, Macedonia Północna, Turcja 4
40%
Włochy Austria, Francja, San Marino, Słowenia, Szwajcaria, Watykan 6
37%
Nie znaleziono quizów pasujących do podanych kryteriów
Rozkład punktacji
Procent ludzi z każdym wynikiem
Percentyl według liczby udzielonych odpowiedzi
Twoja historia wyników
Nie rozwiązałeś tego quizu